000 00876cam a2200217 4500
001 ABS61419
008 000000n1999 000 0 eng u
035 _a(Sirsi) u100531
100 _aChenmao, S.
245 _aProperty investment in China during the changing economic system.
260 _c1999
490 _aProperty Management
_v17(3) 1999, 262-270(5)
520 _aOutlines the quantitative characteristics of China's property investment during the changing economic system in China. Considers the two major challenges are the transfer of the economic systems and the development of residential housing, and explores the issue of how to meet these challenges. References.
590 _aABS
650 _aCHINA
650 _aPROPERTY INVESTMENT
650 _aECONOMIC CONDITIONS
690 _aOVERSEAS-REST OF THE WORLD
700 _aZhida, F.
942 _n0
999 _c60139
_d60139